| 000 | 00440nam a2200181Ia 4500 | ||
|---|---|---|---|
| 001 | 4693 | ||
| 005 | 20260306145814.0 | ||
| 008 | 260306t2012||||xx |||||||||||||| ||spa|| | ||
| 041 | _aESP | ||
| 082 |
_a330 _bT27 |
||
| 100 |
_aTaylor, John B. _eAUT |
||
| 245 | 0 |
_aPrincipios de economía: _bedición alusiva a la crisis financiera global |
|
| 260 | _c2012 | ||
| 300 |
_a _c |
||
| 650 | _aGEN | ||
| 654 | _aCAN | ||
| 942 |
_cLIB _dJUS _fJUS _2ddc _n |
||
| 999 |
_c4693 _d4693 |
||